000 02583nam0a2200373 i 4500
001 RU\NLR\BIBL_A\010466361
005 20260408115424.0
010 _a9785875559693
_9100
021 _aRU
_b2014-53586
_93233
035 _a(NILC)RuMoRGB-007528538
035 _a(NLR Aleph) 010466361
090 _a10002836
_c10002836
100 _a20140924d2014 k y0rusy50 ca
101 0 _arus
_deng
102 _aRU
105 _aa|||z|||100yy
200 1 _aДополнительное профессиональное образование в условиях модернизации
_dAdditional professional education in the modernization
_eматериалы шестой Всероссийской научно-практической интернет-конференции (с международным участием)
_f[редкол.: М. В. Новиков (науч. ред.) и др.]
_zeng
210 _aЯрославль
_cФГБОУ ВПО "Ярославский государственный педагогический университет им. К. Д. Ушинского" (ЯГПУ)
_d2014
215 _a239 с.
_cил.
_d30
300 _aВ надзаг.: М-во образования и науки Рос. Федерации, ФГБОУ ВПО "Ярославский гос. пед. ун-т им. К. Д. Ушинского"
300 _aРез. статей на англ. яз.
320 _aБиблиогр. в конце ст.
510 1 _aAdditional professional education in the modernization
_zeng
606 1 _aДополнительное профессиональное образование
_jСъезды, совещания и т.п.
_xМодернизация
_yРоссийская Федерация
_92468577
_3RU\NLR\auth\661466327
686 1 _aЧ454(2Р)78я431
702 1 _4340
_7ca
_8rus
_aНовиков
_bМ. В.
_cд-р ист. наук
_f1950-
_gМихаил Васильевич
_914452
_3RU\NLR\AUTH\7731442
711 1 2 _a"Дополнительное профессиональное образование в условиях модернизации", всероссийская научно-практическая Интернет-конференция (с международным участием)
_d6
_f2014
_eЯрославль
_3RU\NLR\AUTH\880379604
_9425607
801 0 _aRU
_bРГБ
_c20140801
_gRCR
801 1 _aRU
_bРГБ
_c20140801
_2rusmarc
942 _cBOOK
980 _aNBR